00746nam a2200169 a 4500001001000000005001700010008004100027040001800068050002100086100003000107245013900137260006600276300004200342500011900384650002400503650004900527BRCA_221820190320203723.0831014s1984 flua---##c---#001-0#eng-# aDLCcDLCdDLC 4aN5020b.V36 19841 aVan der Marck, Jand1929-10aIn Quest of ExcellencebCivic Pride, Patronage, ConnoisseurshipcJan Van der Marck with contributions by J. Carter Brown ... [et al.]. aMiami, Florida, U.S.A.bThe Center for the Fine Artsc[1984]. a256 p.bil. (algunas a color)c30 cm. aCatálogo de la exposición realizada en el Center for the Fine Arts (Miami, Florida), 14 enero - 22 abril, 198414aArtexColeccionismo14aMuseos de artexExposicioneszEstados Unidos